Biblioteca "Ernesto Sabato"
Facultad de Derecho y Ciencias Sociales
Facultad de Lenguas
Universidad Nacional del Comahue

Boletín de estudios y documentación de servicios sociales (Record no. 3977)

MARC details
000 -CABECERA
campo de control de longitud fija 00468caa a22001812a 4500
001 - NÚMERO DE CONTROL
campo de control 001199
003 - IDENTIFICADOR DEL NÚMERO DE CONTROL
campo de control AR-FADEU
008 - DATOS DE LONGITUD FIJA--INFORMACIÓN GENERAL
campo de control de longitud fija 311216n############xxu####################dd
092 ## - ASIGNACIÓN LOCAL DE SIGNATURA TOPOGRÁFICA DEWEY (OCLC)
Número de clasificación PP(361)BOL
100 ## - ENTRADA PRINCIPAL--NOMBRE DE PERSONA
Nombre de persona Sebastián Herranz, Julia
245 ## - MENCIÓN DE TÍTULO
Resto del título Creatividad y tercera edad
245 ## - MENCIÓN DE TÍTULO
Título Boletín de estudios y documentación de servicios sociales
260 ## - PUBLICACIÓN, DISTRIBUCIÓN, ETC. (PIE DE IMPRENTA)
Fecha de publicación, distribución, etc. 1985
300 ## - DESCRIPCIÓN FÍSICA
Extensión 20-35
440 ## - MENCIÓN DE SERIE/PUNTO DE ACCESO ADICIONAL--TÍTULO
Número de parte o sección de la obra 24
650 ## - PUNTO DE ACCESO ADICIONAL DE MATERIA--TÉRMINO DE MATERIA
Término de materia o nombre geográfico como elemento inicial TERCERA EDAD-CREATIVIDAD
942 ## - ELEMENTOS DE PUNTO DE ACCESO ADICIONAL (KOHA)
Tipo de ítem Koha PPGR

No items available.

Facultad de Derecho y Ciencias Sociales | Universidad Nacional del Comahue | Mendoza y Perú General Roca | Río Negro CP (8332) | Patagonia Argentina | Teléfono: 54-0298-4433670 | | Fax: 0298-4432093 | Fax alumnos: 0298-4435700